Normal view
MARC view
- Hearn, E.J
Entry Personal Name
001 - CONTROL NUMBER
- control field: 7492
003 - CONTROL NUMBER IDENTIFIER
- control field: OSt
005 - DATE AND TIME OF LATEST TRANSACTION
- control field: 20250512145904.0
008 - FIXED-LENGTH DATA ELEMENTS
- fixed length control field: 250512|| aca||aabn | a|a d
040 ## - CATALOGING SOURCE
- Original cataloging agency: OSt
- Transcribing agency: OSt
100 ## - HEADING--PERSONAL NAME
- Personal name: Hearn, E.J
670 ## - SOURCE DATA FOUND
- Source citation: Work cat.: (OSt)13522: Hearn, E.J ., Mechanics of materials 1 / , 2008.
